000
00282nam a2200109 4500
999
_c
10409
_d
10409
008
180829b ||||| |||| 00| 0 eng d
245
_a
Minadanao Muslim history.
260
_a
Davao City
_b
Sun Star Davao
_c
c2017
300
_a
page 11.
650
0
_9
30580
_a
History.
942
_2
ddc
_c
PER